[Event "Kronborg"]
[Site "Helsingor"]
[Date "1981.??.??"]
[Round "?"]
[White "Eising, Esben"]
[Black "Lund, Flemming"]
[Result "1-0"]
[WhiteElo "2375"]
[BlackElo "2200"]
[PlyCount "31"]
[EventDate "1981.??.??"]
[EventType "tourn"]
[EventRounds "7"]
[EventCountry "DEN"]
[Source "ChessBase"]
[SourceDate "1999.07.01"]

1. c4 Nf6 2. Nc3 e5 3. g3 c6 4. Nf3 d6 5. Bg2 g6 6. O-O Bg7 7. d3 O-O 8. b4
Nbd7 9. b5 c5 10. Bb2 Nh5 11. e3 f5 12. d4 e4 13. Nd2 cxd4 14. exd4 Bxd4 15.
Ndxe4 Be5 16. Nxd6 1-0

[Event "Kronborg"]
[Site "Helsingor"]
[Date "1981.??.??"]
[Round "?"]
[White "Jensen, Vagn"]
[Black "Eising, Esben"]
[Result "1/2-1/2"]
[WhiteElo "2235"]
[BlackElo "2375"]
[PlyCount "81"]
[EventDate "1981.??.??"]
[EventType "tourn"]
[EventRounds "7"]
[EventCountry "DEN"]
[Source "ChessBase"]
[SourceDate "1999.07.01"]

1. e4 d5 2. exd5 Nf6 3. Nf3 Nxd5 4. d4 Bg4 5. Be2 e6 6. O-O Nc6 7. c4 Nb6 8.
Nc3 Bxf3 9. Bxf3 Nxd4 10. Bxb7 Rb8 11. Be4 f5 12. Be3 c5 13. Bxd4 cxd4 14. Bc6+
Kf7 15. Nb5 Bc5 16. Qe2 Qf6 17. Rfe1 Rhd8 18. Rad1 a6 19. Na3 Rd6 20. Bf3 Na4
21. Qd2 Qd8 22. Re5 Rxb2 23. Qd3 Rxa2 24. Nc2 Nb2 25. Qb3 Nxd1 26. Qxa2 Nc3 27.
Qa1 Rb6 28. Re1 Qb8 29. g3 Rb1 30. Qxa6 Rxe1+ 31. Nxe1 Qb1 32. Qb7+ Qxb7 33.
Bxb7 Ke7 34. Nd3 Kd6 35. f4 Nd1 36. Ba6 Ba3 37. Kf1 Ne3+ 38. Ke2 h6 39. h3 Bc5
40. Bb5 Ba3 41. Ba6 1/2-1/2

[Event "Kronborg"]
[Site "Helsingor"]
[Date "1981.??.??"]
[Round "?"]
[White "Norgaard, Jesper"]
[Black "Eising, Esben"]
[Result "1-0"]
[WhiteElo "2200"]
[BlackElo "2375"]
[PlyCount "113"]
[EventDate "1981.??.??"]
[EventType "tourn"]
[EventRounds "7"]
[EventCountry "DEN"]
[Source "ChessBase"]
[SourceDate "1999.07.01"]

1. e4 c6 2. d4 d5 3. Nd2 dxe4 4. Nxe4 Nd7 5. Nf3 Ngf6 6. Ng3 e6 7. Be2 c5 8.
O-O Qc7 9. c4 Be7 10. dxc5 Nxc5 11. b4 Ncd7 12. Bd2 O-O 13. Qb3 Rd8 14. Rac1 a5
15. a3 axb4 16. axb4 Ne5 17. Bc3 Nd3 18. Rcd1 Nf4 19. Be5 Nxe2+ 20. Nxe2 Qc6
21. Nc3 Rxd1 22. Rxd1 Nd7 23. h3 Nxe5 24. Nxe5 Qc7 25. Nf3 Bd7 26. c5 Be8 27.
Nd4 Qf4 28. Nde2 Qe5 29. Qc4 Rc8 30. Nf4 Bf6 31. Nce2 h6 32. Rc1 Be7 33. Nc3
Rd8 34. Nfe2 Rc8 35. Nd4 Qf4 36. Nce2 Qe4 37. Ng3 Qe5 38. Kf1 Bd7 39. Re1 Qf4
40. Re4 Qd2 41. Ndf5 exf5 42. Rxe7 Be6 43. Rxe6 fxe6 44. Qxe6+ Kh7 45. Qxf5+ g6
46. Qf7+ Kh8 47. Kg1 Qxb4 48. Qf6+ Kh7 49. Qe7+ Kh8 50. Qe5+ Kh7 51. Ne4 h5 52.
h4 Qe1+ 53. Kh2 Qd1 54. Ng5+ Kh6 55. Qe7 Rh8 56. Nf7+ Kg7 57. Ne5+ 1-0